| 000 | 00873nam a22002057a 4500 | ||
|---|---|---|---|
| 999 |
_c18079 _d18079 |
||
| 003 | AR-CdUCM | ||
| 008 | 190511b ||||| |||| 00| 0 spa d | ||
| 040 |
_aMUNICIPALIDAD PROVINCIAL DEL CUSCO _cBIBLIOTECA MUNICIPAL DEL CUSCO |
||
| 082 |
_a378.1 / _bL93 |
||
| 100 |
_aLudojoski, Roque Luis _938451 |
||
| 245 | _aAndragogia o educación del adulto / | ||
| 260 |
_aMéxico : _bGuadalupe, _c1972. |
||
| 300 |
_a275 páginas ; _c19 cm. |
||
| 505 | _aContenido : Introducción a la educación del adulto -- Revisión de algunos elementos de la pedagogía general de tipo puerocentrico, en función de la educación del adulto -- La educación permanente como factor de replanteamiento del sistema educativo general y del adulto ... | ||
| 650 |
_aEducación _9460 |
||
| 650 |
_aAdulto _938452 |
||
| 650 |
_aSiglo XX _98 |
||
| 942 |
_2ddc _cLIBROS |
||
| 945 |
_arah _d2019/05/11 |
||